Marketingový minimalizmus diplomová práca

Enregistré dans:
Détails bibliographiques
Auteur principal: Pálenkár, Tomáš
Collectivité auteur: Obchodná fakulta EU. Katedra marketingu
Autres auteurs: Dzurová, Mária
Format: Livre
Langue:slovaque
Publié: Bratislava 2017
Tags: Ajouter un tag
Pas de tags, Soyez le premier à ajouter un tag!

MARC

LEADER 00000nbm a2200000 4500
001 0230792
005 20170929132158.4
041 0 |a slo 
044 |a SK 
245 1 0 |a Marketingový minimalizmus  |b diplomová práca  |c Tomáš Pálenkár ; školiteľ: Mária Dzurová 
264 1 |a Bratislava  |c 2017 
300 |a 76 s. 
100 1 |a Pálenkár, Tomáš 
700 1 |a Dzurová, Mária 
710 2 |a Obchodná fakulta EU. Katedra marketingu